00851nam a2200241Ia 4500001000600000003000900006008004100015040001300056040001300069041001300082100001700095100002900112245005600141245006500197250001100262260001100273260001200284260004900296300005900345500015200404650002200556650003100578F9129IT-RoPAU130308s9999 xx 000 0 und d aIT-RoPAU cIT-RoPAU aITALIANO aGubern Roman gCodice Aut. SPICS: 5725 aGuerra civili spagnola sullo schermo (1936-39) (La) bStoria del Cinema Mondiale-I-L'Europa: 1. Miti, Luoghi, Divi a1a ed. aTORINO bEinaudi c1999 [1° Ed.:1999 - Ed.Ling.Originale:1999] a"14 p. (prefazione: no ; testo: 14 [pagine: 661-674])" aProduzione Anarchica. Produzione delle Organizzazioni Marxiste. Produzionegovernativa. Aiuti Antifascisti Stranieri. Produzione bellica Franchista. aSTORIA DEL CINEMA eCodice materia Spics: 6808